000
00334nam a2200133 4500
999
_c
9447
_d
9447
003
OSt
005
20210622134309.0
008
210622b ||||| |||| 00| 0 eng d
020
_a
9781616898656
082
_a
724.6
_b
JOH
100
_a
John Marris Dixan
245
_a
Paul Rudolph : Inspiration and Process in Architecture
942
_2
ddc